Islamic values in the United States : a comparative study
Αποθηκεύτηκε σε:
| Κύριος συγγραφέας: | |
|---|---|
| Άλλοι συγγραφείς: | |
| Μορφή: | Βιβλίο |
| Γλώσσα: | English |
| Δημοσίευση: |
New York :
Oxford University Press,
1987
|
| Θέματα: | |
| Ετικέτες: |
Προσθήκη ετικέτας
Δεν υπάρχουν, Καταχωρήστε ετικέτα πρώτοι!
|
MARC
| LEADER | 00000nam a2200000 i 4500 | ||
|---|---|---|---|
| 001 | 1/94516 | ||
| 008 | 991126s1987 eng d | ||
| 020 | |a 0-19-504113-5 | ||
| 035 | |l 10054850 | ||
| 040 | |a GR-MY-UA |b gre |e aacr | ||
| 041 | 0 | |a eng | |
| 082 | 0 | |a 973.0882971 | |
| 100 | 1 | |a Haddad, Yvonne Yazbeck |d 1935- | |
| 245 | 1 | 0 | |a Islamic values in the United States : |b a comparative study / |c Yvonne Yazbeck Haddad, Adair T. Lummis |
| 260 | |a New York : |b Oxford University Press, |c 1987 | ||
| 300 | |a 196 p. | ||
| 504 | |a Includes bibliographical references and index | ||
| 650 | 0 | 0 | |a Muslims |z United States. |
| 650 | 0 | 0 | |a Muslims |z United States |x Religius life and customs. |
| 650 | 0 | 0 | |a Islam |z United States. |
| 700 | 1 | |a Lummis, Adair T. | |
| 852 | |a INST |b LESVOS |e 19991126 |h 973.0882971 HAD |p 005100022650 |q 005100022650 |t BK |y 0 | ||
| 901 | |a BIBL1-1999-3 | ||
| 909 | |a Λ |b 069789 | ||
| 922 | |a 1ΕΛΗ |b 199910 |c ΚΠΣ/ΤΚ |d ΠΑΠΑΣΩΤΗΡΙΟΥ | ||
| 950 | |a 103-1998-07-27 | ||
| 970 | |a ΤΖΑΦΕΡΗ |b ΕΥΑΓΓΕΛΙΑ |z 1999/11/29 | ||